00691nam a2200241 a 4500001001300000003000900013005001700022008004100039020002500080082001600105100002000121245002600141260003000167300000900197500003500206505001000241650001700251700002000268902000800288942000700296952012900303999001700432nice12345678IN_TiNIC20260116014053.0050524s1994 newa grp 000 0 eng  a1565845 c319.700a303.66bCRA aCranna, Michael aTrue Cost of Conflict aNew YorkbNew Pressc1994 a208p aincludes index and biblioraphy2 aIndex aPeace-Making1 aCranna, Michael bSRS cBK 001040708StackRoom-aHMIbHMId2010-07-15g319.70l1o303.66 CRAp021014r2022-06-29s2022-06-28v319.70w2005-05-24yBK c13748d13748